Football Teams Fernando Torres Played For - Statistics

General Stats
  • This quiz has been taken 139 times
  • The average score is 5 of 6
Answer Stats
League Years Team % Correct
Spain 2001-2007 Atlético de Madrid
96%
Spain 2015-2018 Atlético de Madrid
96%
England 2011-2014 Chelsea FC
96%
England 2007-2011 Liverpool FC
96%
Italy 2014-2015 AC Milan
90%
Japan 2018-2019 Sagan Tosu
23%
No matching quizzes found
Score Distribution
Percent of People with Each Score
Percentile by Number Answered
Your Score History
You have not taken this quiz